000 00287nam a22001217a 4500
008 260415b ||||| |||| 00| 0 eng d
041 _aShqip
080 _a219.1
100 _a20
101 _aTregime
245 _aNjëzet Tregime për kohën e Shkuar
_cMehmet Kraja
942 _2udc
_cBK
999 _c60972
_d60972